| 000 | 00429 a2200145 4500 | ||
|---|---|---|---|
| 005 | 20250430071434.0 | ||
| 020 | _a978-81-265-3693-1 | ||
| 082 | _a658.159 SHA | ||
| 100 | _aSHAPIRO, A. C. | ||
| 245 | _aMultinational Financial Management: International Student Version. | ||
| 250 | _a9th Ed. | ||
| 260 |
_aCalifornia, _bJohn Wiley &son, _c2010. |
||
| 300 |
_axxii, 762p.: Ill.;figures _bGlossary & Index _c25cm. |
||
| 942 |
_2ddc _cBKS |
||
| 999 |
_c1795 _d1795 |
||